As you like it: a shakespeare story (Record no. 9200)

MARC details
000 -LEADER
fixed length control field 00753nam a22002057a 4500
003 - CONTROL NUMBER IDENTIFIER
control field OSt
005 - DATE AND TIME OF LATEST TRANSACTION
control field 20260317022945.0
008 - FIXED-LENGTH DATA ELEMENTS--GENERAL INFORMATION
fixed length control field 260317b |||||||| |||| 00| 0 eng d
020 ## - INTERNATIONAL STANDARD BOOK NUMBER
International Standard Book Number 978-1-84616-187-2
040 ## - CATALOGING SOURCE
Original cataloging agency DWCL GS lib
Transcribing agency OC
100 ## - MAIN ENTRY--PERSONAL NAME
Personal name WILLIAM SHAKESPEARE
245 ## - TITLE STATEMENT
Title As you like it: a shakespeare story
Statement of responsibility, etc. WILLIAM SHAKESPEARE
260 ## - PUBLICATION, DISTRIBUTION, ETC.
Place of publication, distribution, etc. London
Name of publisher, distributor, etc. Orchard Books
Date of publication, distribution, etc. 2007
300 ## - PHYSICAL DESCRIPTION
Extent vii, 63 pages
Dimensions 18cm.
520 ## - SUMMARY, ETC.
Summary, etc. As You Like It is a Shakespearean comedy following Rosalind, who flees persecution in her uncle's court disguised as a man, "Ganymede," into the Forest of Arden.
546 ## - LANGUAGE NOTE
Language note English
650 ## - SUBJECT ADDED ENTRY--TOPICAL TERM
Source of heading or term pastoral romance
650 ## - SUBJECT ADDED ENTRY--TOPICAL TERM
Source of heading or term themes of love, gender, sexuality, and injustice.
942 ## - ADDED ENTRY ELEMENTS (KOHA)
Source of classification or shelving scheme Dewey Decimal Classification
Koha item type Fiction
Classification part Fic.
Suppress in OPAC No

No items available.